Maashiat Guide (Record no. 6062)

MARC details
000 -LEADER
fixed length control field 00334nam a2200145Ia 4500
008 - FIXED-LENGTH DATA ELEMENTS--GENERAL INFORMATION
fixed length control field 230312s9999||||xx |||||||||||||| ||und||
082 ## - DEWEY DECIMAL CLASSIFICATION NUMBER
Classification number 330
Item number ASG-M
100 ## - MAIN ENTRY--PERSONAL NAME
Personal name Asghar Javaid Malik
245 #0 - TITLE STATEMENT
Title Maashiat Guide
260 ## - PUBLICATION, DISTRIBUTION, ETC.
Name of publisher, distributor, etc. Aziz Book Deput
Place of publication, distribution, etc. Pakistan
Date of publication, distribution, etc. 1979
300 ## - PHYSICAL DESCRIPTION
Extent 584
546 ## - LANGUAGE NOTE
Language note Urdu
650 ## - SUBJECT ADDED ENTRY--TOPICAL TERM
Topical term or geographic name entry element Economics
942 ## - ADDED ENTRY ELEMENTS (KOHA)
Koha item type BOOK

No items available.

Powered by Koha